| 000 | 00844nam a2200301Ia 4500 | ||
|---|---|---|---|
| 003 | OSt | ||
| 005 | 20221006142716.0 | ||
| 006 | a|||||r|||| 00| 0 | ||
| 007 | ta | ||
| 008 | 221006b |||||||| |||| 00| 0 eng d | ||
| 020 |
_a0914910272 _c232.29 (each) |
||
| 020 | _a91490256 | ||
| 024 | _a6,994 | ||
| 037 | _cTextual | ||
| 040 |
_aEASL _cEASL _beng |
||
| 041 |
_2eng _aeng |
||
| 082 | _aQ4v42, L6. | ||
| 100 |
_aMATSUNAGA Daigan _9648229 |
||
| 245 | 0 | _aFoundation of Japanese Buddhism, 2 Vols. | |
| 260 |
_aTokyo _bKenkyusha Japan _c1984 |
||
| 300 |
_a292+362p. _ccm. |
||
| 490 | _vV.1 : The arstocratic age V.1JEL | ||
| 650 | _a JEL | ||
| 650 | _aBuddhism - Japan - History | ||
| 700 | _a MATSUNAGA Alicia | ||
| 942 |
_hQ4v42, L6. _cTEXL _2CC |
||
| 999 |
_c1075080 _d1075080 |
||